Computer architecture / (Record no. 23939)
[ view plain ]
| 000 -LEADER | |
|---|---|
| fixed length control field | 00670nam a22002175a 4500 |
| 005 - DATE AND TIME OF LATEST TRANSACTION | |
| control field | 20201128024122.0 |
| 008 - FIXED-LENGTH DATA ELEMENTS--GENERAL INFORMATION | |
| fixed length control field | 170115s2008 ii a fr 000 0 eng d |
| 020 ## - INTERNATIONAL STANDARD BOOK NUMBER | |
| International Standard Book Number | 9788184313277 |
| 040 ## - CATALOGING SOURCE | |
| Original cataloging agency | EG-ScBUE |
| Language of cataloging | eng |
| Transcribing agency | EG-ScBUE |
| Modifying agency | EG-ScBUE |
| 082 04 - DEWEY DECIMAL CLASSIFICATION NUMBER | |
| Edition number | 22 |
| Classification number | 004.22 |
| Item number | GOD |
| 100 1# - MAIN ENTRY--PERSONAL NAME | |
| 9 (RLIN) | 38238 |
| Personal name | Godse, Atul P. |
| 245 10 - TITLE STATEMENT | |
| Title | Computer architecture / |
| Statement of responsibility, etc | A. P. Godse, D. A. Godse,. |
| 250 ## - EDITION STATEMENT | |
| Edition statement | 3rd revised ed. |
| 260 ## - PUBLICATION, DISTRIBUTION, ETC. (IMPRINT) | |
| Place of publication, distribution, etc | Chennai, India : |
| Name of publisher, distributor, etc | Technical Publications Pune, |
| Date of publication, distribution, etc | 2008. |
| 300 ## - PHYSICAL DESCRIPTION | |
| Extent | (Various pagings) : |
| Other physical details | ill. ; |
| Dimensions | 24 cm. |
| 650 #7 - SUBJECT ADDED ENTRY--TOPICAL TERM | |
| Source of heading or term | BUEsh |
| 9 (RLIN) | 2654 |
| Topical term or geographic name as entry element | Computer architecture. |
| 651 ## - SUBJECT ADDED ENTRY--GEOGRAPHIC NAME | |
| Source of heading or term | BUEsh |
| 653 ## - INDEX TERM--UNCONTROLLED | |
| Resource For college | Informatics and Computer Science |
| Arrived date list | January2017 |
| 700 1# - ADDED ENTRY--PERSONAL NAME | |
| Personal name | Godse, D. A. |
| 942 ## - ADDED ENTRY ELEMENTS (KOHA) | |
| Source of classification or shelving scheme | Dewey Decimal Classification |
| Withdrawn status | Item status | Source of classification or shelving scheme | Damaged status | Not for loan | Vendor | Home library | Current library | Shelving location | Date acquired | Source of acquisition | Cost, normal purchase price | Serial Enumeration / chronology | Total Checkouts | Full call number | Barcode | Date last seen | Cost, replacement price | Koha item type |
|---|---|---|---|---|---|---|---|---|---|---|---|---|---|---|---|---|---|---|
| Dewey Decimal Classification | Scientific home BookShop | Central Library | Central Library | Lower Floor | 15/01/2017 | Purchase | 140.00 | 2691 | 004.22 GOD | 000040966 | 15/07/2025 | 175.00 | Book - Borrowing |